000 00712nam a2200241Ia 4500
003 OSt
005 20220923214747.0
006 a|||||r|||| 00| 0
007 ta
008 220922b |||||||| |||| 00| 0 hin d
024 _a172,435
037 _cTextual
040 _aARTS
_cARTS
_bhin
041 _2hin
_ahin
082 _aO152,3N409,SA, K7
100 _aसिन्हा, सुरेश
245 0 _aसुबह अंधेरे पथ पर
246 _aSubah aandhere path para
260 _c1067
650 _aहिन्दी साहित्य
_9156264
942 _hO152,3N409,SA, K7
_cTEXL
_2CC
999 _c326499
_d326499